| 000 | 00572nam a22001817a 4500 | ||
|---|---|---|---|
| 005 | 20130819123555.0 | ||
| 010 | _aENG-107848 | ||
| 020 |
_a9789380831787 _c298.00 |
||
| 035 | _aEN-91381 | ||
| 037 | _bDBAD/PUB | ||
| 082 | _a954.35 | ||
| 100 | _aRao, P. Nageswar | ||
| 245 |
_aHistory of Andhra / _cby P. Nageswar Rao |
||
| 260 |
_aHyderabad _bStudentshelpline Publishing House _c2012 |
||
| 270 |
_a326/C, Surneni Nilayam, near B K Guda Park, S.R. Nagar, _bHyderabad _e500038 |
||
| 300 |
_avarious pagings _c22cm(pbk) |
||
| 942 |
_2ddc _cEN _mRAO _h954.35 |
||
| 999 |
_c77287 _d77287 |
||